000 00385cam a2200157ua 4500
041 _aeng
_h
082 _a425
_bALE/ES
100 _aAlexander, L G .
245 _aEssay and letter writing /
_cL G Alexander.
_hTextual Documents
250 _a1 /
_b.
260 _aLondon :
_bLongman Green and Co ,
_c1966.
300 _a137 ; .
504 _a
942 _cBK
999 _c8613
_d8613